Sports Quiz

Random Sports or NBA Quiz

NBA Uniform Travelers Quiz Stats

 Plays Quiz Updated Dec 15, 2017

Score 0/20 Timer 10:00
0 Plays Today
% Correct
Vince Carter
96.4%
Kevin Garnett
92.5%
Shaquille O'Neal
88.1%
Paul Pierce
77.1%
Allen Iverson
76.5%
Ray Allen
74.5%
Jeremy Lin
71.9%
Pau Gasol
71.2%
Tracy McGrady
70.5%
Rajon Rondo
69.6%
% Correct
J.R. Smith
67.5%
Horace Grant
62.7%
Kendrick Perkins
56.8%
Muggsy Bogues
53.1%
Chris Webber
47.6%
Nate Robinson
46.8%
Tim Hardaway
38%
Moses Malone
34.3%
Jalen Rose
32.7%
Bob McAdoo
19.2%

You're not logged in!

Compare scores with friends on all Sporcle quizzes.
OR
Log In

You Might Also Like...

Show Comments

Extras

Top Quizzes Today


Score Distribution

Your Account Isn't Verified!

In order to create a playlist on Sporcle, you need to verify the email address you used during registration. Go to your Sporcle Settings to finish the process.

Report this User

Report this user for behavior that violates our Community Guidelines.

Details: